LEADER 02091nas 2200577-a 450 001 996211817103316 005 20240607171234.0 011 $a1615-5939 035 $a(CKB)954933110362 035 $a(OCoLC)60637749 035 $a(CONSER)sn-92003845- 035 $a(DE-599)ZDB1473156-3 035 $a(EXLCZ)99954933110362 100 $a19920131a19929999 --- a 101 0 $aeng 181 $ctxt$2rdacontent 182 $cc$2rdamedia 183 $acr$2rdacarrier 200 04$aThe International journal of angiology $eofficial publication of the International College of Angiology, Inc 210 $aNesconset, N.Y. $cEast End Press, Inc.$dİ1992- 210 3 $aNew York, N.Y. $cThieme Medical Publishers 215 $a1 online resource 300 $aTitle from cover. 300 $aPublished: New York : Springer Verlag New York, Inc., <1994-> 300 $aPublished: Oakville, Ont. : Pulsus Group, <-2010> 300 $aRefereed/Peer-reviewed 311 08$aPrint version: The International journal of angiology : 1061-1711 (DLC)sn 92003845 (OCoLC)25198667 517 $aInternational Journal of Angiology (Springer Science & Business Media B.V.) 517 $aThe International Journal of Angiology 517 1 $aIJA 531 $aTHE INTERNATIONAL JOURNAL OF ANGIOLOGY 531 $aINTERNATIONAL JOURNAL OF ANGIOLOGY 531 $aINT J ANGIOL 531 $aINTERNATIONAL JOURNAL OF ANGIOLOGY : OFFICIAL PUBLICATION OF THE INTERNATIONAL COLLEGE OF ANGIOLOGY, INC 531 0 $aInt. j. angiol. 606 $aBlood-vessels$vPeriodicals 606 $aBlood-vessels$xDiseases$vPeriodicals 606 $aBlood Vessels 606 $aVascular Diseases 608 $aPeriodical. 615 0$aBlood-vessels 615 0$aBlood-vessels$xDiseases 615 2$aBlood Vessels. 615 2$aVascular Diseases. 676 $a616 712 02$aInternational College of Angiology. 906 $aJOURNAL 912 $a996211817103316 920 $aexl_impl conversion 996 $aThe International journal of angiology$92350012 997 $aUNISA LEADER 02971oas 2201045 a 450 001 9910144036103321 005 20251105213014.0 011 $a2154-3992 035 $a(DE-599)ZDB2416414-8 035 $a(OCoLC)70889146 035 $a(CONSER) 2010201664 035 $a(CKB)954925595521 035 $a(EXLCZ)99954925595521 100 $a20060814a19899999 uy a 101 0 $aeng 135 $aur||||||||||| 181 $ctxt$2rdacontent 182 $cc$2rdamedia 183 $acr$2rdacarrier 200 00$aJournal of early intervention 210 $a[Thousand Oaks, CA] $cSage Publications 215 $a1 online resource (volumes) 300 $aRefereed/Peer-reviewed 300 $aDescription based: Vol. 13, no. 1 (1989); title from caption (Sage Publications website, viewed March 26, 2010). 300 $aPublished by Sage on behalf of Division for Early Childhood of the Council for Exceptional Children. 300 $aIncludes issues from previous print title. 311 08$a1053-8151 606 $aChildren with disabilities$xEducation (Preschool)$vPeriodicals 606 $aChild, Exceptional 606 $aChild, Preschool$xeducation 606 $aEducation, Special 606 $aEnfants handicape?s$xEnseignement pre?scolaire$vPe?riodiques 606 $aspecial education$2aat 606 $aChildren with disabilities$xEducation (Preschool)$2fast$3(OCoLC)fst00855577 606 $aOrthopedagogiek$2gtt 606 $aInterventie$2gtt 608 $aPeriodical. 608 $aPeriodicals.$2fast 608 $aPeriodicals.$2lcgft 615 0$aChildren with disabilities$xEducation (Preschool) 615 2$aChild, Exceptional. 615 2$aChild, Preschool$xeducation. 615 2$aEducation, Special. 615 6$aEnfants handicape?s$xEnseignement pre?scolaire 615 7$aspecial education. 615 7$aChildren with disabilities$xEducation (Preschool) 615 17$aOrthopedagogiek. 615 17$aInterventie. 676 $a371.9 676 $a371.9 712 02$aCouncil for Exceptional Children.$bDivision for Early Childhood. 801 0$bOCLCS 801 1$bOCLCS 801 2$bOCLCS 801 2$bMUQ 801 2$bNTE 801 2$bTXJ 801 2$bDLC 801 2$bOCLCQ 801 2$bOCLCF 801 2$bOCLCQ 801 2$bELW 801 2$bOCLCO 801 2$bOCLCQ 801 2$bOCLCO 801 2$bNLE 801 2$bOCLCA 801 2$bBUF 801 2$bREB 801 2$bOCLCO 801 2$bAPUMS 801 2$bAU@ 801 2$bOCLCO 801 2$bWYU 801 2$bUKMGB 801 2$bU3W 801 2$bDLC 801 2$bOCLCQ 801 2$bOCLCO 801 2$bCUS 801 2$bSFB 801 2$bSRU 801 2$bSMC 801 2$bDXU 801 2$bNUI 801 2$bOCLCL 906 $aJOURNAL 912 $a9910144036103321 996 $aJournal of early intervention$92102678 997 $aUNINA